| 000 | 00784nam a2200265Ia 4500 | ||
|---|---|---|---|
| 003 | OSt | ||
| 005 | 20220912150749.0 | ||
| 006 | a|||||r|||| 00| 0 | ||
| 007 | ta | ||
| 008 | 220909b |||||||| |||| 00| 0 eng d | ||
| 024 | _a65502 | ||
| 037 | _cTextual | ||
| 040 |
_aCSL _beng _cCSL |
||
| 041 | _aeng | ||
| 082 | _aD0bx:89M, M1 | ||
| 100 | _aBlanchard Benjamins | ||
| 245 | 0 | _aSystems engineering and analysis | |
| 260 |
_aNew Jersey _b Prentice-Hall _c1981 |
||
| 300 |
_axii, 703p. _ccm. |
||
| 490 | _aPrentice-hall international series in industrial and systems engineering | ||
| 650 | _aHuman engineering | ||
| 700 | _a Fabrycky Walter J. | ||
| 942 |
_hD0bx:89M, M1 _cTEXL _2CC |
||
| 999 |
_c54415 _d54415 |
||